| Registos Bibliográficos associados ao registo de autoridade |
|
Etiqueta de registo: 00254nam 2200025 450 001 2284553 003 http://id.bnportugal.gov.pt/bib/catbnp/2284553 100 ## $a20260416d2025 k y0pory01030103ba 101 0# $aeng$dpor 102 ## $aPT 105 ## $aa m 000yy 106 ## $ar 200 1# $aLeveraging digital tools and artificial intelligence to address socio-ecological challenges$fAna Sofia Cabral Cardoso$gorient. Ana Sofia Vaz, João Andrade Santos, Alípio Jorge 210 #9 $aPorto$c[s.n.],$d2025 215 ## $aXX, 299 p.$cil.$d30 cm 328 #1 $aTese dout. Ciências Biodiversity, Genetics and Evolution, Faculty of Sciences, University
of Porto, 2025 700 #1 $aCardoso,$bAna Sofia Cabral$31995955 702 #1 $92$aVaz,$bAna Sofia$4727$31737730 702 #1 $aSantos,$bJoão Carlos Andrade dos,$f1972-$4727$3921347 702 #1 $aJorge,$bAlípio$4727$3905292 801 #0 $aPT$bBN$gRPC 966 ## $lBN$mFGMON$x1 971 ## $cisantos$d20260416
|
|
|